| 000 | 00000nam##2200000za#4500 |
| 001 | 9.689528 |
| 003 | CaOODSP |
| 005 | 20220901140046 |
| 007 | cr ||||||||||| |
| 008 | 150407|2002||||xxc|||||o f|0| 0 eng|d |
| 040 | |aCaOODSP|beng |
| 043 | |an-cn--- |
| 086 | 1 |aJ2-246/2002E-PDF |
| 110 | 1 |aCanada.|bJustice Canada. |
| 245 | 10|aPatterns of crime in canadian cities : |h[electronic resource]|ba multivariate statistical analysis / |c[By]Kwing Hung, Chi Nguyen. |
| 260 | |aOttawa - Ontario : |bJustice Canada |c2002. |
| 300 | |a91p.|btables |
| 590 | |a07-04-Supp|b2007-06-29 |
| 690 | 07|aCrime|2gcpds |
| 690 | 07|aStatistical analysis|2gcpds |
| 720 | 1 |aHung, Kwing |
| 720 | 1 |aNguyen, Chi |
| 775 | 08|tProfil de la criminalité dans les villes : |w(CaOODSP)9.633930 |
| 856 | 40|ahttp://publications.gc.ca|qPDF|s379 KB|uhttps://publications.gc.ca/collections/Collection/J2-246-2002E.pdf |